Managing Information for Research (Record no. 10693)
[ view plain ]
| 000 -LEADER | |
|---|---|
| fixed length control field | 00398 a2200157 4500 |
| 020 ## - INTERNATIONAL STANDARD BOOK NUMBER | |
| International Standard Book Number | 9780335193974 |
| 082 ## - DEWEY DECIMAL CLASSIFICATION NUMBER | |
| Classification number | 001.4 |
| 100 ## - MAIN ENTRY--PERSONAL NAME | |
| Personal name | Elizabeth Orna |
| 110 ## - MAIN ENTRY--CORPORATE NAME | |
| Corporate name or jurisdiction name as entry element | Graham Stevens |
| 245 ## - TITLE STATEMENT | |
| Title | Managing Information for Research |
| Statement of responsibility, etc. | Elizabeth Orna |
| 260 ## - PUBLICATION, DISTRIBUTION, ETC. | |
| Place of publication, distribution, etc. | Buckingham |
| Name of publisher, distributor, etc. | open university press |
| Date of publication, distribution, etc. | 1997 |
| 300 ## - PHYSICAL DESCRIPTION | |
| Extent | 191 p. |
| 650 ## - SUBJECT ADDED ENTRY--TOPICAL TERM | |
| Topical term or geographic name entry element | Research |
| 700 ## - ADDED ENTRY--PERSONAL NAME | |
| Personal name | Elizabeth Orna |
| 942 ## - ADDED ENTRY ELEMENTS (KOHA) | |
| Koha item type | Book |
| Call number prefix | 001.4 ORN |
| Withdrawn status | Lost status | Damaged status | Not for loan | Collection code | Permanent Location | Current Location | Shelving location | Date acquired | Source of acquisition | Cost, normal purchase price | Total Checkouts | Total Renewals | Full call number | Barcode | Date last seen | Date last checked out | Price effective from | Koha item type |
|---|---|---|---|---|---|---|---|---|---|---|---|---|---|---|---|---|---|---|
| Computer Science | Central Library (CL) | Central Library (CL) | First Floor - Computer Science | 11/30/2002 | Pak Book Corporation | 1205.38 | 2 | 1 | 001.4 ORN | SEECS002871 | 01/26/2023 | 10/04/2018 | 01/05/2017 | Book |
